000 00531nam a22001817a 4500
005 20240216055012.0
008 240216b |||||||| |||| 00| 0 eng d
020 _a0761992146
082 _222
_a320.01
_bSEC.
100 _aRajan, Nalini.
245 _aSecularism, Democracy, Justice :
_bImplications of rawlsian principles in india /
_cNalini, Rajan.
250 _a1st.
260 _aNew Delhi .,
_bSage Publications India Pvt Ltd ,
_c1998.
300 _a220, p.,
650 _a social Justice
650 _aDemocracy
942 _cL
999 _c416
_d416